| 000 | 00383nam a2200121Ia 4500 | ||
|---|---|---|---|
| 008 | 180412s9999||||xx |||||||||||||| ||und|| | ||
| 020 | _a442262493 | ||
| 040 | _aAhmadu Bello University Library - Zaria | ||
| 100 | _aOliver, R.S. | ||
| 245 | 4 |
_aThe Sketch / Robert S. Oliver _cby Oliver, R.S. |
|
| 260 |
_aNew York _bVan Nostrand Reinhold Co. _c1975 |
||
| 300 | _a134p.: ill., diagr. | ||
| 500 | _aBibliography: p.131 | ||
| 999 |
_c45517 _d45517 |
||